| 000 | 00777cam a2200157 4500500 | ||
|---|---|---|---|
| 005 | 20260222001046.0 | ||
| 041 | _afre | ||
| 042 | _adc | ||
| 100 | 1 | 0 |
_aPlusquellec, Florent _eauthor |
| 245 | 0 | 0 | _aChristian-Georges Schwentzel, Les Nabatéens. IVe avant J.-C. – IIe siècle. De Pétra à Al-Ula, les bâtisseurs du désert. Tallandier, «Humanités», 2025, 384 páginas, 27,90 euros. |
| 260 | _c2025. | ||
| 500 | _a56 | ||
| 520 | _aLa Fundación Louis Vuitton, en París, presenta una retrospectiva de la obra de Gerhard Richter, un panorama completo que abarca sesenta años de creación artística. | ||
| 786 | 0 | _nÉtudes | 4333 | 1 | 2025-12-30 | p. 130a-131 | |
| 856 | 4 | 1 | _uhttps://shs.cairn.info/revista-etudes-2026-1-page-130a?lang=es&redirect-ssocas=7080 |
| 999 |
_c1664260 _d1664260 |
||